[Event "XXXVI Torneo Internacional de La Roda 2"]
[Site "La Roda (Albacete) - ESPAÑA"]
[Date "2009.03.09"]
[Round "2.12"]
[White "Libiszewski, Fabien"]
[Black "Paredes Sanchez, Juan"]
[Result "1-0"]
[WhiteElo "2505"]
[BlackElo "2204"]
[PlyCount "101"]
[EventDate "2009.03.08"]

1. e4 c5 2. d3 Nc6 3. g3 g6 4. Bg2 Bg7 5. f4 d6 6. Nf3 e5 7. O-O exf4 8. gxf4
Nge7 9. c3 O-O 10. Nbd2 b6 11. Nh4 f5 12. exf5 Bxf5 13. Nxf5 Rxf5 14. Ne4 d5
15. Ng3 Rf7 16. Qg4 Qd6 17. Bd2 Raf8 18. Rae1 Nf5 19. Nxf5 Rxf5 20. Qh4 Bf6 21.
Qg3 Bd8 22. Bh3 R5f6 23. Qg2 Ne7 24. Re5 Qxe5 25. fxe5 Rxf1+ 26. Qxf1 Rxf1+ 27.
Kxf1 Kf7 28. Bd7 Nf5 29. Bf4 Bh4 30. e6+ Ke7 31. Bb8 Kd8 32. a4 Be7 33. Bc6 Bd6
34. Bxd6 Nxd6 35. Bxd5 Nf5 36. Ke2 Ke7 37. Kf3 Kf6 38. Ke4 Nd6+ 39. Kf4 h5 40.
Ba2 g5+ 41. Ke3 Ke5 42. d4+ Kf6 43. dxc5 bxc5 44. b4 cxb4 45. cxb4 Ke5 46. Bb3
g4 47. Kf2 Nf5 48. b5 Nd6 49. Kg2 Kf4 50. e7 Ke5 51. Bf7 1-0

[Event "XXXVI Torneo Internacional de La Roda 2"]
[Site "La Roda (Albacete) - ESPAÑA"]
[Date "2009.03.09"]
[Round "2.13"]
[White "Garcia Blanco, Omar"]
[Black "Vera Gonzalez-Quevedo, Reynaldo"]
[Result "0-1"]
[WhiteElo "2198"]
[BlackElo "2475"]
[PlyCount "44"]
[EventDate "2009.03.08"]

1. e4 c5 2. c3 Nf6 3. e5 Nd5 4. Nf3 d6 5. d4 cxd4 6. cxd4 Nc6 7. Bc4 e6 8. O-O
Be7 9. Qe2 O-O 10. a3 Qb6 11. Qe4 Na5 12. Bd3 f5 13. exf6 Nxf6 14. Qh4 Nb3 15.
Ra2 Nxc1 16. Rxc1 Bd7 17. Bxh7+ Nxh7 18. Qxe7 Nf6 19. Ne5 dxe5 20. dxe5 Ne4 21.
b4 Rxf2 22. Rxf2 Qxf2+ 0-1

[Event "XXXVI Torneo Internacional de La Roda 2"]
[Site "La Roda (Albacete) - ESPAÑA"]
[Date "2009.03.09"]
[Round "2.14"]
[White "Starostits, Ilmars"]
[Black "Llavador Moron, Juan Jose"]
[Result "1-0"]
[WhiteElo "2464"]
[BlackElo "2195"]
[PlyCount "49"]
[EventDate "2009.03.08"]

1. e4 e6 2. d4 d5 3. Nc3 Bb4 4. e5 Ne7 5. a3 Bxc3+ 6. bxc3 c5 7. Qg4 Qc7 8.
Qxg7 Rg8 9. Qxh7 cxd4 10. Ne2 Nbc6 11. f4 Bd7 12. Rb1 dxc3 13. Qd3 Rc8 14. Rg1
a6 15. g4 Na5 16. Nd4 Ng6 17. Rg3 Qd8 18. g5 b5 19. a4 Nb7 20. axb5 Nc5 21.
Qxc3 Ne4 22. Qa3 Qb6 23. Rgb3 Rxc2 24. Be3 Nh4 25. Nxc2 1-0

[Event "XXXVI Torneo Internacional de La Roda 2"]
[Site "La Roda (Albacete) - ESPAÑA"]
[Date "2009.03.09"]
[Round "2.15"]
[White "Campayo Hernandez, Juan"]
[Black "Larino Nieto, David"]
[Result "0-1"]
[WhiteElo "2195"]
[BlackElo "2464"]
[PlyCount "130"]
[EventDate "2009.03.08"]

1. c4 e5 2. g3 Nc6 3. Bg2 g6 4. Nc3 Bg7 5. d3 d6 6. Nf3 Nge7 7. O-O O-O 8. Nd5
Nxd5 9. cxd5 Ne7 10. e4 c6 11. dxc6 Nxc6 12. Be3 Bg4 13. h3 Bxf3 14. Bxf3 h5
15. Qd2 h4 16. b4 Nd4 17. Bxd4 exd4 18. g4 g5 19. Rfc1 Be5 20. Rc4 Qf6 21. Bg2
b5 22. Rc6 Rac8 23. Qc2 Rxc6 24. Qxc6 Qf4 25. Qc1 Qf6 26. Qc6 Rb8 27. Rc1 Qd8
28. Qa6 Qb6 29. Rc6 Qxa6 30. Rxa6 Rc8 31. Rxa7 Rc1+ 32. Bf1 Rc2 33. Ra5 Kg7 34.
a3 Ra2 35. Rxb5 Rxa3 36. Rb7 Ra2 37. Rb5 Rb2 38. Rb7 Kf6 39. Bg2 Rd2 40. Bf1
Bf4 41. Ra7 Rb2 42. Rb7 Ke6 43. Rb5 f6 44. Bg2 Bd2 45. Bf1 Be1 46. Rf5 Rxb4 47.
Kg2 Rb2 48. Kg1 Bd2 49. Rd5 Be1 50. Rf5 Rc2 51. Kg2 Bd2 52. Rd5 Be3 53. Rf5 Bf4
54. Rd5 Bg3 55. Rf5 Be5 56. Kg1 Kd7 57. Kg2 Kc6 58. Kg1 Kc5 59. Kg2 Kb4 60. Kg1
Kc3 61. Kg2 Kd2 62. Kg1 Ke1 63. Rf3 Bf4 64. Kg2 Be3 65. Kg1 Rxf2 0-1

[Event "XXXVI Torneo Internacional de La Roda 2"]
[Site "La Roda (Albacete) - ESPAÑA"]
[Date "2009.03.09"]
[Round "2.16"]
[White "Pozo Vera, Sandro"]
[Black "Garcia Gata, Jorge D"]
[Result "1-0"]
[WhiteElo "2459"]
[BlackElo "2174"]
[PlyCount "95"]
[EventDate "2009.03.08"]

1. d4 Nf6 2. Nf3 c5 3. d5 b5 4. Bg5 Ne4 5. Bh4 Bb7 6. Qd3 f5 7. g4 Na6 8. c3 c4
9. Qd4 Qb6 10. gxf5 Qxd4 11. Nxd4 g5 12. Bg3 Nxg3 13. hxg3 Bxd5 14. f3 Rb8 15.
e4 Bf7 16. Nd2 Bg7 17. Kf2 Nb4 18. f4 gxf4 19. gxf4 Bxd4+ 20. cxd4 Nc2 21. Rc1
Nxd4 22. Ke3 Nc6 23. Rh6 Rb6 24. Bg2 Nb4 25. Rxb6 axb6 26. b3 Nxa2 27. Rc2 Nb4
28. Rc3 Na2 29. Rc2 Nb4 30. Rc3 Rg8 31. Bf3 d5 32. e5 Rg3 33. bxc4 bxc4 34. Kf2
Rh3 35. Kg2 Rh6 36. Ra3 Bh5 37. e6 Bxf3+ 38. Nxf3 Kd8 39. Ra8+ Kc7 40. Ra7+ Kd6
41. Rd7+ Kc5 42. Rxe7 Nc6 43. Rc7 Kd6 44. Rd7+ Kc5 45. Ne5 Nxe5 46. fxe5 c3 47.
Rc7+ Kd4 48. e7 1-0

[Event "XXXVI Torneo Internacional de La Roda 2"]
[Site "La Roda (Albacete) - ESPAÑA"]
[Date "2009.03.09"]
[Round "2.17"]
[White "Pavon Cardenas, Jesus M"]
[Black "Rojas Keim, Luis"]
[Result "0-1"]
[WhiteElo "2194"]
[BlackElo "2444"]
[PlyCount "82"]
[EventDate "2009.03.08"]

1. e4 e6 2. d4 d5 3. Nc3 Nf6 4. Bg5 Bb4 5. e5 h6 6. Bd2 Bxc3 7. bxc3 Ne4 8. Bd3
Nxd2 9. Qxd2 c5 10. f4 Qa5 11. Nf3 Nc6 12. Rf1 Bd7 13. g4 O-O-O 14. f5 f6 15.
c4 dxc4 16. Bxc4 Rhe8 17. Qxa5 Nxa5 18. Bd3 exf5 19. gxf5 Bc6 20. e6 Bxf3 21.
Rxf3 Rxd4 22. Bb5 Re7 23. Rd1 Rxd1+ 24. Kxd1 Kc7 25. Rc3 a6 26. Bd7 Kd6 27. Ke2
b6 28. Kf3 Ke5 29. Kg4 h5+ 30. Kxh5 Kxf5 31. Rf3+ Ke4 32. Rc3 Kf5 33. Rf3+ Ke5
34. Rc3 Nb7 35. Ra3 Nd8 36. Re3+ Kf5 37. Rf3+ Ke4 38. Ra3 Nxe6 39. Bxe6 Rxe6
40. Rxa6 Kf5 41. c3 Re2 0-1

[Event "XXXVI Torneo Internacional de La Roda 2"]
[Site "La Roda (Albacete) - ESPAÑA"]
[Date "2009.03.09"]
[Round "2.19"]
[White "Aymerich Rosell, Pablo"]
[Black "Alvarez Pedraza, Aramis"]
[Result "0-1"]
[WhiteElo "2169"]
[BlackElo "2431"]
[PlyCount "74"]
[EventDate "2009.03.08"]

1. d4 Nf6 2. c4 e6 3. Nc3 Bb4 4. e3 O-O 5. Bd3 d5 6. cxd5 exd5 7. Nge2 Re8 8.
O-O Bf8 9. Ng3 a5 10. a3 c6 11. Rb1 Na6 12. Bd2 g6 13. e4 dxe4 14. Ncxe4 Nd5
15. Bg5 f6 16. Bd2 Nac7 17. h4 Ne6 18. Bc4 Bg7 19. h5 f5 20. Nc3 Bxd4 21. Qf3
Nb6 22. Bb3 Qf6 23. Rbd1 Kg7 24. Rfe1 Bd7 25. Bc2 Nc4 26. hxg6 hxg6 27. Bxf5
Nxd2 28. Rxd2 Ng5 29. Rxe8 Nxf3+ 30. gxf3 Bxe8 31. Nce4 Qe5 32. f4 Qxf4 33.
Rxd4 gxf5 34. Nd6 Qc1+ 35. Kg2 c5 36. Ngxf5+ Kf6 37. Rd3 Bc6+ 0-1

[Event "XXXVI Torneo Internacional de La Roda 2"]
[Site "La Roda (Albacete) - ESPAÑA"]
[Date "2009.03.09"]
[Round "2.20"]
[White "Pogorelov, Ruslan"]
[Black "Gil Quilez, David"]
[Result "0-1"]
[WhiteElo "2420"]
[BlackElo "2150"]
[PlyCount "66"]
[EventDate "2009.03.08"]

1. Nf3 f5 2. d4 Nf6 3. g3 g6 4. c4 Bg7 5. Bg2 O-O 6. b4 c6 7. Bb2 Na6 8. a3 Nc7
9. Nbd2 Nce8 10. Qc2 d5 11. Ne5 Nd6 12. O-O Be6 13. c5 Nf7 14. Nd3 Qc7 15. Nf3
g5 16. Nfe5 Nxe5 17. dxe5 Nd7 18. f4 g4 19. Bd4 Bf7 20. a4 e6 21. b5 Rfc8 22.
Qd2 Bf8 23. Rfc1 a6 24. bxc6 bxc6 25. Rab1 Rcb8 26. e3 Rxb1 27. Rxb1 Rb8 28.
Rxb8 Nxb8 29. a5 Qb7 30. Qb4 Qb5 31. Bf1 Be7 32. Qxb5 cxb5 33. Nb4 Be8 0-1

[Event "XXXVI Torneo Internacional de La Roda 2"]
[Site "La Roda (Albacete) - ESPAÑA"]
[Date "2009.03.09"]
[Round "3.2"]
[White "Cornette, Matthieu"]
[Black "Cori, Jorge"]
[Result "1-0"]
[WhiteElo "2573"]
[BlackElo "2418"]
[PlyCount "75"]
[EventDate "2009.03.08"]

1. e4 e6 2. d4 d5 3. Nc3 Bb4 4. e5 Ne7 5. a3 Bxc3+ 6. bxc3 c5 7. Qg4 Kf8 8. Bd2
b6 9. Bd3 Ba6 10. dxc5 bxc5 11. Bxa6 Nxa6 12. c4 Ng6 13. Nf3 h5 14. Qg3 h4 15.
Qg4 h3 16. g3 Qc7 17. Bf4 Qa5+ 18. Bd2 Qc7 19. O-O Nxe5 20. Nxe5 Qxe5 21. Rfe1
Qh5 22. Qf4 Kg8 23. Re5 Qg6 24. cxd5 exd5 25. Rxd5 Nc7 26. Rd7 Ne6 27. Qf3 Rb8
28. Be3 a6 29. Rad1 Rh5 30. Ra7 Rf5 31. Qe2 Re5 32. Rxa6 Nd4 33. Qd3 Nf3+ 34.
Kh1 Qxd3 35. cxd3 Rd5 36. Rf1 Rxd3 37. Bxc5 Nd2 38. Re1 $138 1-0

[Event "XXXVI Torneo Internacional de La Roda 2"]
[Site "La Roda (Albacete) - ESPAÑA"]
[Date "2009.03.09"]
[Round "3.3"]
[White "Guerra Bastida, Diego"]
[Black "Lopez Martinez, Josep Manuel"]
[Result "0-1"]
[WhiteElo "2420"]
[BlackElo "2557"]
[PlyCount "50"]
[EventDate "2009.03.08"]

1. d4 Nf6 2. c4 e6 3. g3 c5 4. Nf3 cxd4 5. Nxd4 a6 6. Bg2 Qc7 7. O-O Qxc4 8.
Bg5 Nc6 9. Nb3 Be7 10. e4 O-O 11. Re1 Qb5 12. Bf4 d6 13. Na3 Qb4 14. Rc1 Ne5
15. Nd2 Rd8 16. Nac4 Qb5 17. a4 Qb4 18. Qc2 Ng6 19. Bg5 Bd7 20. b3 Rac8 21. a5
h6 22. Bxf6 Bxf6 23. Rcd1 Bb5 24. Qb1 Bc3 25. Rf1 Ne5 0-1

[Event "XXXVI Torneo Internacional de La Roda 2"]
[Site "La Roda (Albacete) - ESPAÑA"]
[Date "2009.03.09"]
[Round "3.4"]
[White "Movsziszian, Karen"]
[Black "Dolezal, Cristian"]
[Result "1/2-1/2"]
[WhiteElo "2556"]
[BlackElo "2406"]
[PlyCount "65"]
[EventDate "2009.03.08"]

1. e4 e5 2. Bc4 Nf6 3. Qe2 Nc6 4. Nf3 Be7 5. d3 O-O 6. c3 d6 7. Nbd2 Be6 8. Nf1
Nd7 9. Ng3 Nb6 10. Bb3 Qd7 11. O-O Rae8 12. h3 Bd8 13. Be3 Kh8 14. Rfd1 Qc8 15.
d4 exd4 16. Nxd4 Nxd4 17. Bxd4 c5 18. Be3 Qc6 19. Qf3 Bf6 20. Rd2 Be5 21. Rad1
Bxb3 22. axb3 f5 23. Nxf5 g6 24. Bh6 gxf5 25. Bxf8 Rxf8 26. Qh5 Qxe4 27. Re2
Qc6 28. f4 Bg7 29. Re6 Nd5 30. Qf3 Nf6 31. Qxc6 bxc6 32. Rexd6 Ne4 33. Rxc6 {
....} 1/2-1/2

[Event "XXXVI Torneo Internacional de La Roda 2"]
[Site "La Roda (Albacete) - ESPAÑA"]
[Date "2009.03.09"]
[Round "3.6"]
[White "Suba, Mihai"]
[Black "Granero Roca, Antonio"]
[Result "1/2-1/2"]
[WhiteElo "2542"]
[BlackElo "2393"]
[PlyCount "110"]
[EventDate "2009.03.08"]

1. d4 Nf6 2. c4 c5 3. d5 b5 4. cxb5 a6 5. bxa6 d6 6. Nc3 Bxa6 7. e4 Bxf1 8.
Kxf1 Nbd7 9. g3 g6 10. Kg2 Bg7 11. Nf3 O-O 12. Re1 Ng4 13. Nh4 Nge5 14. f4 Nc4
15. Qe2 Ncb6 16. Nf3 Na4 17. Qc2 Nxc3 18. bxc3 Qa5 19. Re3 Rfb8 20. a4 Nb6 21.
Ra2 Nc4 22. Rd3 Ra7 23. e5 Rab7 24. h4 dxe5 25. fxe5 Bxe5 26. Nxe5 Nxe5 27. Re3
Ng4 28. Rf3 c4 29. Qe4 h5 30. Re2 Qxa4 31. Bf4 Nf6 32. Qd4 Rb2 33. Rff2 Rxe2
34. Rxe2 Rb1 35. Rxe7 Qc2+ 36. Qd2 Qf5 37. Re5 Qd7 38. Qa2 Qb5 39. Qa8+ Kg7 40.
Re2 Qxd5+ 41. Qxd5 Nxd5 42. Be5+ f6 43. Bd4 Kf7 44. Ra2 Rb3 45. Ra6 g5 46. Rd6
Nxc3 47. Rxf6+ Ke7 48. hxg5 Ne4 49. Rc6 Rxg3+ 50. Kh2 Rxg5 51. Rxc4 Ke6 52. Be3
Rg4 53. Ra4 Nf6 54. Rxg4 Nxg4+ 55. Kg3 Nxe3 1/2-1/2

[Event "XXXVI Torneo Internacional de La Roda 2"]
[Site "La Roda (Albacete) - ESPAÑA"]
[Date "2009.03.09"]
[Round "3.7"]
[White "Gallardo Garcia, Andres"]
[Black "Paunovic, Dragan"]
[Result "1-0"]
[WhiteElo "2407"]
[BlackElo "2537"]
[PlyCount "56"]
[EventDate "2009.03.08"]

1. e4 c5 2. Nf3 e6 3. c3 d5 4. e5 d4 5. cxd4 cxd4 6. Bb5+ Bd7 7. Bxd7+ Qxd7 8.
d3 Nc6 9. O-O Nge7 10. Re1 Ng6 11. Re4 Bc5 12. Qe2 O-O 13. h4 f5 14. exf6 gxf6
15. h5 Nge5 16. Nxe5 Nxe5 17. Bh6 Rfe8 18. Nd2 Re7 19. Rxe5 fxe5 20. Ne4 Qb5
21. Qg4+ Kh8 22. Bg5 Rf7 23. Qxe6 Qe8 24. Qxe8+ Rxe8 25. Nxc5 Rc7 26. Ne4 Kg7
27. Bf6+ Kf8 28. h6 Re6 1-0

[Event "XXXVI Torneo Internacional de La Roda 2"]
[Site "La Roda (Albacete) - ESPAÑA"]
[Date "2009.03.09"]
[Round "3.9"]
[White "Almeida Quintana, Omar"]
[Black "Valmana Canto, Jaime"]
[Result "1-0"]
[WhiteElo "2516"]
[BlackElo "2341"]
[PlyCount "49"]
[EventDate "2009.03.08"]

1. d4 d5 2. Nf3 Nf6 3. c4 c6 4. Nc3 a6 5. a4 e6 6. g3 dxc4 7. Bg2 c5 8. dxc5
Qxd1+ 9. Nxd1 Nc6 10. Ne3 c3 11. bxc3 Bxc5 12. O-O Ke7 13. Nc4 Rd8 14. Nfd2 Ke8
15. Nb3 Be7 16. Bf4 Ra7 17. Be3 Ra8 18. Bb6 Rd7 19. Nc5 Bxc5 20. Bxc5 Rb8 21.
Bd6 Ra8 22. Bxc6 bxc6 23. Nb6 Rxd6 24. Nxa8 a5 25. Rab1 1-0

[Event "XXXVI Torneo Internacional de La Roda 2"]
[Site "La Roda (Albacete) - ESPAÑA"]
[Date "2009.03.09"]
[Round "3.10"]
[White "Rabadan Velasco, Raul"]
[Black "Libiszewski, Fabien"]
[Result "0-1"]
[WhiteElo "2331"]
[BlackElo "2505"]
[PlyCount "54"]
[EventDate "2009.03.08"]

1. e4 e6 2. d4 d5 3. e5 c5 4. c3 Nc6 5. Nf3 Bd7 6. a3 f6 7. Bd3 Qc7 8. O-O fxe5
9. dxe5 Nxe5 10. Bf4 Nxf3+ 11. Qxf3 Bd6 12. Qh5+ Kf8 13. Bxd6+ Qxd6 14. f4 c4
15. f5 Nf6 16. fxe6 Be8 17. Rxf6+ gxf6 18. Qh6+ Kg8 19. Bf5 Qe5 20. g4 Qe1+ 21.
Kg2 Qe2+ 22. Kg1 d4 23. Qxf6 Qe1+ 24. Kg2 Bc6+ 25. Kh3 Qe3+ 26. Kh4 Qf2+ 27.
Kh5 Be8+ 0-1

[Event "XXXVI Torneo Internacional de La Roda 2"]
[Site "La Roda (Albacete) - ESPAÑA"]
[Date "2009.03.09"]
[Round "3.11"]
[White "Vera Gonzalez-Quevedo, Reynaldo"]
[Black "Fernandez Siles, Luis"]
[Result "1/2-1/2"]
[WhiteElo "2475"]
[BlackElo "2320"]
[PlyCount "33"]
[EventDate "2009.03.08"]

1. Nf3 Nf6 2. c4 g6 3. Nc3 Bg7 4. e4 d6 5. d4 O-O 6. Be2 c5 7. O-O Bg4 8. d5 e5
9. dxe6 Bxe6 10. Bf4 Qb6 11. Qb3 Rd8 12. Rfd1 Nc6 13. h3 Qxb3 14. axb3 Ne8 15.
Rd2 Be5 16. Be3 b6 17. Nd5 1/2-1/2

[Event "XXXVI Torneo Internacional de La Roda 2"]
[Site "La Roda (Albacete) - ESPAÑA"]
[Date "2009.03.09"]
[Round "3.12"]
[White "Pardo Simon, David"]
[Black "Starostits, Ilmars"]
[Result "1/2-1/2"]
[WhiteElo "2289"]
[BlackElo "2464"]
[PlyCount "48"]
[EventDate "2009.03.08"]

1. e4 b6 2. d4 Bb7 3. Bd3 e6 4. Nf3 d6 5. O-O Nd7 6. Be3 Ngf6 7. Nbd2 Be7 8.
Re1 O-O 9. Qe2 c5 10. c3 e5 11. Bg5 Nh5 12. Bxe7 Qxe7 13. g3 g6 14. dxe5 Nxe5
15. Nxe5 dxe5 16. Rad1 Rad8 17. Nf3 Nf6 18. Bc2 Kg7 19. Nh4 Qc7 20. f3 c4 21.
Ng2 b5 22. a3 Bc8 23. Rxd8 Rxd8 24. Rd1 Be6 1/2-1/2

[Event "XXXVI Torneo Internacional de La Roda 2"]
[Site "La Roda (Albacete) - ESPAÑA"]
[Date "2009.03.09"]
[Round "3.13"]
[White "Larino Nieto, David"]
[Black "Serna Lara, Sergio"]
[Result "1/2-1/2"]
[WhiteElo "2464"]
[BlackElo "2276"]
[PlyCount "125"]
[EventDate "2009.03.08"]

1. e4 e6 2. d3 d5 3. Nd2 Nf6 4. Ngf3 Nc6 5. c3 a5 6. g3 dxe4 7. dxe4 e5 8. Bg2
Bc5 9. O-O O-O 10. a4 b6 11. h3 Ba6 12. Re1 Qe7 13. Bf1 Bxf1 14. Kxf1 Rad8 15.
Kg2 Qd7 16. Qe2 Qd3 17. Nb3 Qxe2 18. Rxe2 Be7 19. Bg5 h6 20. Bxf6 Bxf6 21. Nbd2
g6 22. Nc4 Bg7 23. Ne3 Rd7 24. Nd5 Rfd8 25. Nh4 Ne7 26. Nxe7+ Rxe7 27. Nf3 Red7
28. Ree1 f6 29. Kf1 Bf8 30. Ke2 Bc5 31. Rac1 Kf7 32. Rc2 h5 33. Rf1 Ke6 34. Rd2
Rxd2+ 35. Nxd2 Bf8 36. Rd1 Bc5 37. Rf1 Bf8 38. Nc4 f5 39. f3 Be7 40. Rd1 Rf8
41. Rd5 Bd6 42. h4 f4 43. Kf2 fxg3+ 44. Kxg3 Rd8 45. b4 axb4 46. cxb4 Ra8 47.
a5 Bxb4 48. axb6 cxb6 49. Rxe5+ Kf6 50. Rb5 Be1+ 51. Kh3 Bf2 52. Nxb6 Ra3 53.
Nd7+ Ke6 54. Ne5 Bd4 55. Nxg6 Rxf3+ 56. Kg2 Rf6 57. Rg5 Be3 58. Rg3 Bf4 59.
Nxf4+ Rxf4 60. Rg6+ Kf7 61. Rg5 Rxh4 62. Kf3 Ke6 63. Rg6+ 1/2-1/2

[Event "XXXVI Torneo Internacional de La Roda 2"]
[Site "La Roda (Albacete) - ESPAÑA"]
[Date "2009.03.09"]
[Round "3.14"]
[White "Klein, Felix"]
[Black "Pozo Vera, Sandro"]
[Result "1/2-1/2"]
[WhiteElo "2288"]
[BlackElo "2459"]
[PlyCount "70"]
[EventDate "2009.03.08"]

1. e4 e6 2. d4 d5 3. Nc3 Bb4 4. e5 c5 5. a3 Bxc3+ 6. bxc3 Ne7 7. Qg4 O-O 8. Bd3
f5 9. exf6 Rxf6 10. Bg5 Rf7 11. Qh5 g6 12. Qd1 Qa5 13. Bd2 Nbc6 14. Nf3 Qc7 15.
O-O e5 16. Nxe5 Nxe5 17. dxe5 Qxe5 18. Qe1 Qf6 19. c4 Bf5 20. cxd5 Bxd3 21.
cxd3 Nxd5 22. Qe4 Qf5 23. Rac1 b6 24. Qxf5 Rxf5 25. d4 cxd4 26. Rc4 Nf4 27. Re1
Nd3 28. Re7 Ne5 29. Rcc7 Rf7 30. Rxf7 Nxf7 31. Rd7 a6 32. Rxd4 Rd8 33. Rxd8+
Nxd8 34. f4 Kf7 35. Kf2 Ke6 1/2-1/2

[Event "XXXVI Torneo Internacional de La Roda 2"]
[Site "La Roda (Albacete) - ESPAÑA"]
[Date "2009.03.09"]
[Round "3.15"]
[White "Rojas Keim, Luis"]
[Black "Bendayan Claros, Aaron"]
[Result "1/2-1/2"]
[WhiteElo "2444"]
[BlackElo "2090"]
[PlyCount "87"]
[EventDate "2009.03.08"]

1. e4 c6 2. d3 d5 3. Nd2 e5 4. Ngf3 Bd6 5. g3 Nf6 6. Bg2 O-O 7. O-O Re8 8. Re1
Nbd7 9. c3 dxe4 10. dxe4 Nb6 11. h3 h6 12. Nh4 Qc7 13. Nf1 Kh7 14. Qf3 Qe7 15.
Nf5 Bxf5 16. Qxf5+ g6 17. Qf3 Qe6 18. g4 Be7 19. Ne3 Nfd7 20. Bf1 Bg5 21. a4 a5
22. b3 Bf4 23. Nc4 Nxc4 24. Bxc4 Qf6 25. Rd1 Bxc1 26. Qxf6 Nxf6 27. Raxc1 Kg7
28. f3 Red8 29. Kf2 Kf8 30. Ke3 Ke7 31. h4 Nd7 32. Rd2 Nc5 33. Rcd1 Ne6 34.
Rxd8 Rxd8 35. Rxd8 Nxd8 36. b4 b6 37. Ba6 f6 38. Kd3 Kd6 39. Bc4 g5 40. h5 Nb7
41. Ba6 Nd8 42. Bc8 Kc7 43. Ba6 Kd6 44. Bc8 1/2-1/2

[Event "XXXVI Torneo Internacional de La Roda 2"]
[Site "La Roda (Albacete) - ESPAÑA"]
[Date "2009.03.09"]
[Round "3.16"]
[White "Gil Quilez, David"]
[Black "Llorente Zaro, Alfonso"]
[Result "0-1"]
[WhiteElo "2150"]
[BlackElo "2434"]
[PlyCount "88"]
[EventDate "2009.03.08"]

1. d4 Nf6 2. Nf3 g6 3. Bf4 Bg7 4. Nbd2 d6 5. e4 O-O 6. Bd3 Nc6 7. O-O Nh5 8.
Be3 e5 9. c3 h6 10. Bb5 Ne7 11. dxe5 dxe5 12. Be2 Nf4 13. Nc4 Nc6 14. Bc5 Re8
15. Ne3 Be6 16. Qc2 Qf6 17. Rfd1 Rad8 18. b3 h5 19. Rxd8 Rxd8 20. Rd1 Bh6 21.
Rxd8+ Nxd8 22. Qd1 b6 23. Ba3 Nxe2+ 24. Qxe2 c6 25. Bd6 Bg4 26. Bxe5 Qe7 27.
Qd3 Nb7 28. Bb8 Nc5 29. Qd6 Qxd6 30. Bxd6 Nxe4 31. Bb8 Bxf3 32. gxf3 Nxc3 33.
Bxa7 b5 34. a3 Ne2+ 35. Kf1 Nc1 36. b4 Nd3 37. Ke2 Nf4+ 38. Kd1 Ne6 39. Nc2 Bf4
40. h3 Be5 41. Be3 f5 42. Ke2 Kf7 43. Bb6 Nf4+ 44. Ke3 Nd5+ 0-1

[Event "XXXVI Torneo Internacional de La Roda 2"]
[Site "La Roda (Albacete) - ESPAÑA"]
[Date "2009.03.09"]
[Round "3.17"]
[White "Del Rio De Angelis, Salvador G"]
[Black "Marquez Ortiz De Zarate, Albert"]
[Result "1-0"]
[WhiteElo "2531"]
[BlackElo "1916"]
[PlyCount "53"]
[EventDate "2009.03.08"]

1. d4 Nf6 2. c4 g6 3. Nc3 d5 4. cxd5 Nxd5 5. g3 Bg7 6. Bg2 Nb6 7. e3 O-O 8.
Nge2 N8d7 9. b3 e5 10. d5 f5 11. a4 a5 12. Ba3 Re8 13. Nb5 e4 14. Rc1 Ne5 15.
O-O Nd3 16. Nxc7 Nxc1 17. Qxc1 Nxd5 18. Nxa8 Be6 19. Rd1 Qxa8 20. Nd4 Bf7 21.
Bf1 Qc8 22. Bc4 Bxd4 23. Rxd4 Nb4 24. Bxb4 axb4 25. Bxf7+ Kxf7 26. Qxc8 Rxc8
27. Rd7+ 1-0

[Event "XXXVI Torneo Internacional de La Roda 2"]
[Site "La Roda (Albacete) - ESPAÑA"]
[Date "2009.03.09"]
[Round "3.18"]
[White "Anton Guijarro, David"]
[Black "Ibarra Jerez, Jose Carlos"]
[Result "0-1"]
[WhiteElo "2133"]
[BlackElo "2514"]
[PlyCount "94"]
[EventDate "2009.03.08"]

1. d4 Nf6 2. Nf3 g6 3. c4 d6 4. Nc3 Bf5 5. Ng5 Bg7 6. e4 Bg4 7. Be2 Bxe2 8.
Qxe2 Nc6 9. Nf3 e5 10. dxe5 dxe5 11. Be3 O-O 12. Rd1 Qc8 13. O-O Re8 14. h3 Nd7
15. c5 Nf8 16. Qc4 Ne6 17. Ne2 Ned4 18. Nexd4 exd4 19. Nxd4 Rxe4 20. Qd5 Re5
21. Nxc6 Rxd5 22. Ne7+ Kf8 23. Nxc8 Rxd1 24. Rxd1 Rxc8 25. b4 Ke8 26. Rd3 a6
27. Kf1 Be5 28. g4 Ke7 29. Ke2 Ke6 30. a4 c6 31. f3 h5 32. f4 Bc7 33. Kf3 hxg4+
34. hxg4 f5 35. gxf5+ gxf5 36. b5 Rd8 37. Rb3 Rd1 38. bxa6 bxa6 39. Rb4 a5 40.
Rc4 Kd5 41. Rc2 Ra1 42. Rd2+ Ke6 43. Rd4 Ra3 44. Rc4 Bd8 45. Rc2 Be7 46. Rc4
Bf6 47. Rc2 Bd4 0-1

[Event "XXXVI Torneo Internacional de La Roda 2"]
[Site "La Roda (Albacete) - ESPAÑA"]
[Date "2009.03.09"]
[Round "3.19"]
[White "Rizouk, Aimen"]
[Black "Cruz Lledo, Pablo"]
[Result "1-0"]
[WhiteElo "2505"]
[BlackElo "2128"]
[PlyCount "53"]
[EventDate "2009.03.08"]

1. e4 c6 2. c4 d5 3. exd5 cxd5 4. cxd5 Nf6 5. Nc3 Nxd5 6. Nf3 Nxc3 7. bxc3 g6
8. d4 Bg7 9. Bd3 O-O 10. O-O Nc6 11. Re1 Bg4 12. Be4 e6 13. Rb1 Qc7 14. h3 Bxf3
15. Qxf3 Rac8 16. Bf4 Qa5 17. Bd6 Rfe8 18. Bxc6 bxc6 19. Rb7 f6 20. Reb1 Qd8
21. Qg3 e5 22. Rxg7+ Kxg7 23. Rb7+ Kg8 24. Qh4 h5 25. Qg3 g5 26. Qd3 e4 27.
Qc4+ 1-0

[Event "XXXVI Torneo Internacional de La Roda 2"]
[Site "La Roda (Albacete) - ESPAÑA"]
[Date "2009.03.09"]
[Round "3.20"]
[White "Serrano Marhuenda, Salvador"]
[Black "Cruz, Filemon"]
[Result "0-1"]
[WhiteElo "2121"]
[BlackElo "2411"]
[PlyCount "82"]
[EventDate "2009.03.08"]

1. e4 c5 2. Nc3 Nc6 3. g3 g6 4. Bg2 Bg7 5. d3 d6 6. Nge2 Nf6 7. O-O O-O 8. f4
Rb8 9. h3 Ne8 10. g4 b5 11. Ng3 Nd4 12. g5 Nc7 13. Rb1 b4 14. Nce2 Ncb5 15. f5
Qa5 16. f6 Bh8 17. fxe7 Nxe2+ 18. Qxe2 Re8 19. e5 Rxe7 20. Ne4 Bxe5 21. Bf4 Nd4
22. Qd2 Bxf4 23. Rxf4 Qxa2 24. Re1 Rxe4 25. Rfxe4 Be6 26. Qf4 Nf5 27. Qc1 Qa4
28. b3 Qd7 29. Qf4 a5 30. h4 Ng7 31. Bf3 Rf8 32. R4e2 Nf5 33. Rh2 Nd4 34. Bd1
Re8 35. h5 Bf5 36. Rf1 Re5 37. hxg6 fxg6 38. Rhf2 Qe7 39. Qh4 Ne6 40. Rg2 Nd4
41. Qf4 Bh3 0-1

[Event "XXXVI Torneo Internacional de La Roda 2"]
[Site "La Roda (Albacete) - ESPAÑA"]
[Date "2009.03.10"]
[Round "4.2"]
[White "Lopez Martinez, Josep Manuel"]
[Black "Alvarez Pedraza, Aramis"]
[Result "1-0"]
[WhiteElo "2557"]
[BlackElo "2431"]
[PlyCount "93"]
[EventDate "2009.03.08"]

1. e4 c5 2. Nf3 d6 3. d4 cxd4 4. Nxd4 Nf6 5. Nc3 e6 6. g4 h6 7. h3 a6 8. Bg2
Qc7 9. O-O Nc6 10. a4 Be7 11. Be3 Ne5 12. f4 Nc4 13. Bc1 Nd7 14. Qd3 g5 15. b3
Na5 16. Nf5 Bf8 17. Ba3 d5 18. Bb2 d4 19. Nxd4 gxf4 20. Nce2 e5 21. Nf5 Nf6 22.
Nxf4 Qb6+ 23. Kh1 exf4 24. Qd4 Qxd4 25. Bxd4 Rg8 26. Bxf6 Nc6 27. Rad1 Be6 28.
Rxf4 Bc5 29. Ng7+ Rxg7 30. Bxg7 Be3 31. Rf3 Bg5 32. Bf6 Rc8 33. e5 Nb4 34. Rc3
Nc6 35. Bd5 Bf4 36. Bxe6 fxe6 37. Rd6 a5 38. Rxe6+ Kd7 39. Rd6+ Kc7 40. Rc4 Bc1
41. Rd1 Bb2 42. c3 Re8 43. Rb1 Ba3 44. b4 Kb6 45. b5 Nb8 46. Rd1 Ka7 47. Rd8
1-0

[Event "XXXVI Torneo Internacional de La Roda 2"]
[Site "La Roda (Albacete) - ESPAÑA"]
[Date "2009.03.10"]
[Round "4.3"]
[White "Cruz, Cristhian"]
[Black "Gallardo Garcia, Andres"]
[Result "1-0"]
[WhiteElo "2544"]
[BlackElo "2407"]
[PlyCount "67"]
[EventDate "2009.03.08"]

1. d4 Nf6 2. c4 g6 3. Nc3 Bg7 4. Nf3 O-O 5. e4 d6 6. Be2 e5 7. O-O Nc6 8. d5
Ne7 9. b4 Nh5 10. Re1 f5 11. Ng5 Nf6 12. Bf3 c6 13. Bb2 h6 14. Ne6 Bxe6 15.
dxe6 fxe4 16. Nxe4 Nxe4 17. Rxe4 Nf5 18. b5 Re8 19. Rg4 Qc7 20. bxc6 bxc6 21.
Rxg6 Nh4 22. Rxg7+ Qxg7 23. Bxc6 Rab8 24. Qh5 Rec8 25. Bd5 Kh8 26. Bxe5 dxe5
27. Qxh4 Rf8 28. Re1 Rb2 29. h3 Rxa2 30. f4 Rg8 31. Qg4 exf4 32. e7 Re8 33. Qh5
Rxe7 34. Qe8+ 1-0